000 00369pam a2200157a 44500
008 230515b1990 xxu||||| |||| 00| 0 eng d
020 _aNULL
041 _aENGLISH
082 _aN.D.
100 _aMurthy S.S. / |Shanta Kumar
245 _aTransmission Lines Structure
250 _a0
260 _aNULL
_bMcgraw Hill Pub.
_c1990
300 _a343
650 _aNULL
999 _c576082
_d576082